000 01013cam a2200169 4500
001 WB3936-14
008 030925n2003 000 0 eng u
035 _a(Sirsi) u123721
245 _aAerial photography service online
260 _c2003
490 _aRICS News Service
_v24 September 2003 (1)
520 _aRICS Books, in partnership with Getmapping plc, can now offer RICS members via the RICS Books website immediate access to the most comprehensive UK aerial photography database ever created. Any area of interest can be previewed online prior to purchase and is available in either high-resolution digital form or hard copy aerial photo print. RICS members will receive a special introductory discount with this service. Further information is available at http://www.ricsbooks.com/getmapping/. http://www.rics.org/ricscms/bin/show?class=News&template=/includes/shownews.html&id=7067&faculty=RICS
590 _aWB
650 _aAERIAL PHOTOGRAPHY
690 _aMAPPING AND MEASUREMENT
942 _n0
999 _c73458
_d73458